Theories of Race and Ethnicity Contemporary Debates and Perspectives

Salvato in:
Dettagli Bibliografici
Altri autori: Murji, Karim, Solomos, John
Natura: Libro
Lingua:inglese
Pubblicazione: Cambridge Cambridge University Press 2015
Edizione:1st Edition
Soggetti:
Tags: Aggiungi Tag
Nessun Tag, puoi essere il primo ad aggiungerne!!

MARC

LEADER 00000nam a2200000 4500
001 0257296
005 20240314123548.1
020 |a 978-0-521-15426-0 
041 0 |a eng 
044 |a GB 
245 1 0 |a Theories of Race and Ethnicity  |b Contemporary Debates and Perspectives  |c Edited by: Karim Murji, John Solomos 
250 |a 1st Edition 
264 1 |a Cambridge  |b Cambridge University Press  |c 2015 
300 |a 292 s. 
610 2 0 |a etnikum 
610 2 0 |a demografia 
610 2 0 |a rozdiely kultúrne 
610 2 0 |a normy 
610 2 0 |a rasizmus 
610 2 0 |a politika 
610 2 0 |a migrácia 
610 2 0 |a sociológia 
610 2 0 |a hnutie ženské 
610 2 0 |a psychológia 
610 2 0 |a rovnosť rodová 
610 2 0 |a národ 
610 2 0 |a identita 
610 2 0 |a triedy spoločenské 
610 2 0 |a USA 
610 2 0 |a Francúzsko 
700 1 |a Murji, Karim 
700 1 |a Solomos, John